Designe of 400 KV Transmission Line (Record no. 5878)

MARC details
000 -LEADER
fixed length control field 00327nam a2200145Ia 4500
008 - FIXED-LENGTH DATA ELEMENTS--GENERAL INFORMATION
fixed length control field 221030s9999 xx 000 0 und d
041 ## - LANGUAGE CODE
Language code of text/sound track or separate title
082 ## - DEWEY DECIMAL CLASSIFICATION NUMBER
Classification number 105.23
100 ## - MAIN ENTRY--AUTHOR NAME
Personal name Rajnesh Kumar/1
245 #0 - TITLE STATEMENT
Title Designe of 400 KV Transmission Line
250 ## - EDITION STATEMENT
Edition statement 1999
260 ## - PUBLICATION, DISTRIBUTION, ETC. (IMPRINT)
Place of publication Jammu
Year of publication 1999
650 ## - SUBJECT ADDED ENTRY--TOPICAL TERM
Topical Term EE
942 ## - ADDED ENTRY ELEMENTS (KOHA)
Koha item type Thesis
Holdings
Accession Number Serial Enumeration / chronology Full call number Price effective from Koha item type Withdrawn / writtenoff status Materials specified (bound volume or other part) Damaged status Not for loan Permanent Location Current Location Shelving location Date acquired Lost/ Missing status department
MPR-239 1 105.23 10/30/2022 Thesis   Print     MIET Library, Jammu MIET Library, Jammu BL-Academic Block B, FL-2, CUP-0, SH-0, R-0 06/25/2008